Producción de papel y cartón a partir del raquis de banano
Kaydedildi:
| Yazar: | |
|---|---|
| Materyal Türü: | Bilinmiyor |
| Baskı/Yayın Bilgisi: |
[San José, Costa Rica]
1981
|
| Konular: | |
| Etiketler: |
Etiketle
Etiket eklenmemiş, İlk siz ekleyin!
|
MARC
| LEADER | 00000 a2200000 4500 | ||
|---|---|---|---|
| 003 | 001635 | ||
| 005 | 20231122101104.0 | ||
| 008 | 140114s1981 c a m 000 ||s d | ||
| 040 | |c cru CEDI | ||
| 090 | |a TFG 1059 | ||
| 100 | |a Saborío Guzmán, Carlos A., 1954 |9 1810 | ||
| 245 | |a Producción de papel y cartón a partir del raquis de banano | ||
| 260 | |a [San José, Costa Rica] |c 1981 | ||
| 300 | |a ix, 57 hojas : ilustraciones ; 28 cm | ||
| 500 | |a Proyecto de graduación(licenciatura en ingeniería química)--Universidad de Costa Rica. Facultad de Ingeniería. Escuela de Ingeniería Química | ||
| 650 | |x PAPEL - INDUSTRIA Y COMERCIO |x RAQUIS DE BANANO |x CARTON |9 15854 | ||
| 942 | |c TFG |h TFG 1059 |i 001635 |6 TFG_1059_001635000000000 | ||
| 999 | |c 11318 |d 11318 | ||
